Statistics for Latin American Cities with the Most Skyscrapers

Click here to take the quiz!

General Stats

  • This quiz has been taken 134 times
  • The average score is 6 of 8

Answer Stats

HintAnswer% Correct
13Buenos Aires
97%
8Bogotá
93%
32Mexico City
93%
13São Paulo
91%
71Panama City
81%
5Caracas
70%
10Monterrey
66%
24Balneario Camboriu
13%

Score Distribution

Percentile by Number Answered

Percent of People with Each Score

Your Score History

You have not taken this quiz